Reconstrucción de maquinaria eléctrica : evaluación técnico -académica

保存先:
書誌詳細
第一著者: Zúniga Fallas, Eliécer
フォーマット: 図書
出版事項: [San José , Costa Rica] 1986
タグ: タグ追加
タグなし, このレコードへの初めてのタグを付けませんか!

MARC

LEADER 00000nam a2200000Ia 4500
003 004251
005 20221231144352.0
008 140114s1986 cr a m 000 ||s d
040 |c cru CEDI 
090 |a TFG 1912 
100 |a Zúniga Fallas, Eliécer  |9 14039 
245 |a Reconstrucción de maquinaria eléctrica : evaluación técnico -académica 
260 |c 1986  |a [San José , Costa Rica] 
500 |a Proyecto de graduación (bachiller en ingeniería eléctrica)--Universidad de Costa Rica. Facultad de Ingeniería. Escuela de Ingeniería Eléctrica. 
942 |c TFG 
999 |c 20847  |d 20847